Osvetlenie športovísk pomocou LED svietidiel s inteligentným riadením
Guardado en:
| Autor principal: | |
|---|---|
| Otros Autores: | |
| Formato: | Manuscrito Libro |
| Lenguaje: | eslovaco |
| Publicado: |
Bratislava :
STU v Bratislave FEI,
2021
|
| Materias: | |
| Acceso en línea: | https://opac.crzp.sk/?fn=detailBiblioForm&sid=7E417B54B864B7C45223F84635AB&seo=CRZP-detail-kniha |
| Etiquetas: |
Sin Etiquetas, Sea el primero en etiquetar este registro!
|
MARC
| LEADER | 00000ntm a22000003a 4500 | ||
|---|---|---|---|
| 001 | stuzp83771 | ||
| 003 | SK-STU | ||
| 005 | 20211126132355.6 | ||
| 007 | ta | ||
| 008 | 150427s2015----xo-----f-mn---000-0-slo-d | ||
| 040 | |a STU |b slo | ||
| 041 | 0 | |a slo | |
| 044 | |a xo | ||
| 100 | 1 | |a Slávik, Marcel |u 032000 |4 aut |U FEI Fakulta elektrotechniky a informatiky |T FEI Ústav elektroenergetiky a aplikovanej elektrotechniky |X 80682 |U E020 |Y 548 |7 80682 | |
| 242 | 0 | 1 | |a Design of Sports Lighting Using Smart LED Luminaires |y eng |
| 245 | 1 | 0 | |a Osvetlenie športovísk pomocou LED svietidiel s inteligentným riadením |
| 260 | |a Bratislava : |b STU v Bratislave FEI, |c 2021 | ||
| 300 | |a 60 s. | ||
| 650 | 4 | |a LED |2 slo | |
| 650 | 4 | |a športovisko |2 slo | |
| 650 | 4 | |a inteligentné ovládanie |2 slo | |
| 650 | 4 | |a LED |2 eng | |
| 650 | 4 | |a sport area |2 eng | |
| 650 | 4 | |a smart control |2 eng | |
| 700 | 1 | |a Gašparovský, Dionýz |u 032000 |k Z1 |4 ths |U FEI Fakulta elektrotechniky a informatiky |T FEI Ústav elektroenergetiky a aplikovanej elektrotechniky |X 1935 |U E020 |Y 548 |7 A000001935 | |
| 856 | 4 | |u https://opac.crzp.sk/?fn=detailBiblioForm&sid=7E417B54B864B7C45223F84635AB&seo=CRZP-detail-kniha | |